Austrálie - Státy a Teritoria - Statistics

General Stats
  • This quiz has been taken 36 times
  • The average score is 5 of 8
Answers on the Map
Answers color-coded by a green-red scale on the quiz's map according to % correct below.
 
Answer Stats
State or Territory % Correct
Tasmánie
81%
Queensland
73%
Viktorie
65%
Západní Austrálie
65%
Nový Jižní Wales
62%
Severní teritorium
62%
Jižní Austrálie
58%
Teritorium hlavního města Austrálie
31%
No matching quizzes found
Score Distribution
Percent of People with Each Score
Percentile by Number Answered
Your Score History
You have not taken this quiz